000
00319 a2200145 4500
001
185478
020
_a
040
_c
Magnum
100
_a
Regina, Tia
240
1
0
_a
Chico rei / casaca de ferro
_l
por
245
1
0
_a
Chico rei / casaca de ferro
300
_a
15
697
_a
LITERATURA INFANTO-JUVENIL
942
_c
BK
999
_c
185478
_d
185478